The Babylonian Genesis : the story of creation /

محفوظ في:

المؤلف الرئيسي: Heidel, Alexander, 1907-1955 (مؤلف)

التنسيق: كتاب

اللغة: English
Akkadian

منشور في: Chicago : University of Chicago Press, 1963.

الطبعة: 2d ed., 1st Phoenix ed.

سلاسل: Phoenix books ; P133.

الموضوعات:

الوسوم: إضافة وسم

لا توجد وسوم, كن أول من يضع وسما على هذه التسجيلة!

رقم الطلب: BS1236 .H4 1963

LEADER 00975nam a2200313Ia 4500
001 4527
003 OSt
005 20251019065137.0
008 130303s1963 iluabf b 000 0 eng d
010 |a 51000822 
020 |a 0226323994 
035 |a ocm16772539 
040 |c ARCE Library 
041 1 |a eng  |h akk 
050 4 |a BS1236 .H4 1963 
100 1 |a Heidel, Alexander,  |d 1907-1955,  |e author  |9 31855 
245 1 4 |a The Babylonian Genesis :  |b the story of creation /  |c Alexander Heidel. 
250 |a 2d ed., 1st Phoenix ed. 
264 1 |a Chicago :  |b University of Chicago Press,  |c 1963. 
300 |a ix, 153 pages, [12] pages of plates :  |b illustrations, map ;  |c 21 cm. 
490 0 |a Phoenix books ;   |v P133. 
500 |a "First Phoenix edition." --Title Page verso. 
504 |a Includes bibliographical references. 
650 0 |a Cosmogony, Babylonian. 
650 0 |a Creation. 
730 0 |a Enuma elish.  |l English. 
901 |a reviewed 
942 |c BK  |2 lcc 
999 |c 3289  |d 3289